000 00625nam a2200229Ia 4500
003 OSt
005 20221007071613.0
006 a|||||r|||| 00| 0
007 ta
008 221006b |||||||| |||| 00| 0 eng d
024 _a15,019
037 _cTextual
040 _aFLL
_cFLL
_beng
041 _2eng
_aeng
082 _aX:958:Z1, M0
100 _aJoyce James Avery Au.
_9689079
245 0 _aWorld labour rights and their protection
260 _aLondon
_bCroom Helm London
_c1980
300 _a190p
_ccm.
942 _hX:958:Z1, M0
_cTEXL
_2CC
999 _c1143790
_d1143790